| 000 | 00557nam a2200193 4500 | ||
|---|---|---|---|
| 001 | 121838 | ||
| 003 | ES-MaACL | ||
| 005 | 20230906191834.0 | ||
| 007 | t| | ||
| 008 | 070214q1964 fr r ||||1| fre d | ||
| 100 | 1 |
_aPloncard d'Assac, Jacques. _992662 |
|
| 245 | 1 | 3 |
_aLa crise du communisme / _cJacques Ploncard d'Assac. |
| 260 |
_aParis : _b[s. n.], _c[1964?] |
||
| 300 |
_a189 p. ; _c19 cm. |
||
| 490 | 1 |
_aLa voix d'Occident ; _v12 |
|
| 830 | 0 |
_aLa voix d'Occident ; _v12 _9218789 |
|
| 852 |
_aES-MaACL _jC-32502 _bR.56213 |
||
| 999 |
_c121838 _d121838 |
||